000 00275nam a2200133Ia 4500
100 _aSubramanian/R
250 _a3
942 _cBK
366 _f25
654 _aStrength
245 _aStrength Of Materials
260 _bOxford university press
_c2016
546 _aENGLISH
999 _c33277
_d33277